| 000 | 00667cam a2200229 4500500 | ||
|---|---|---|---|
| 005 | 20260329004435.0 | ||
| 041 | _afre | ||
| 042 | _adc | ||
| 100 | 1 | 0 |
_aLacroix, Alexandre _eauthor |
| 245 | 0 | 0 | _aLes trois piliers de l’empathie |
| 260 | _c2019. | ||
| 500 | _a28 | ||
| 690 | _aAdam Smith | ||
| 690 | _aAlexandre Lacroix | ||
| 690 | _aCompassion | ||
| 690 | _aDavid Hume | ||
| 690 | _aEmpathie | ||
| 690 | _aFrancis Hutcheson | ||
| 690 | _aSympathie | ||
| 786 | 0 | _nPhilosophie magazine | 135 | 12 | 2019-12-01 | p. 18-18 | 1951-1787 | |
| 856 | 4 | 1 | _uhttps://shs.cairn.info/magazine-philosophie-magazine-2019-12-page-18?lang=fr&redirect-ssocas=7080 |
| 999 |
_c1833861 _d1833861 |
||